Largest Asian Canadian Ethnic Groups - Statistics

General Stats
  • This quiz has been taken 66 times
  • The average score is 13 of 18
Answer Stats
# of Residents Answer % Correct
1,769,195 Chinese
100%
1,374,710 Indian
98%
198,210 Korean
98%
121,485 Japanese
97%
240,615 Vietnamese
97%
837,130 Filipino
95%
215,555 Pakistani
88%
63,955 Turk
81%
83,995 Afghan
79%
210,405 Iranian
78%
58,735 Bangladeshi
67%
70,925 Iraqi
67%
152,590 Sri Lankan
67%
63,810 Armenian
64%
77,050 Syrian
62%
219,555 Lebanese
59%
118,400 Punjabi
14%
76,400 South Asian
0%
No matching quizzes found
Score Distribution
Percent of People with Each Score
Percentile by Number Answered
Your Score History
You have not taken this quiz